Statistics for The Oscars Records

Click here to take the quiz!

General Stats

  • This quiz has been taken 195 times
    (193 since last reset)
  • The average score is 4 of 10

Answer Stats

RecordAnswer% Correct
Actress With Most Nominations For ActingMeryl Streep
92%
Highest Grossing Film To Win Best PictureTitanic
71%
Most Awards For A Leading ActorDaniel Day-Lewis
66%
First Horror Film Nominated For Best PictureThe Exorcist
44%
Most Number Won By A PersonWalt Disney
43%
Shortest Oscar Winning Speech ( The Sentence )Thank You
39%
Most Nominations Without Winning Best PictureLa La Land
34%
Youngest Winner Of An OscarShirley Temple
32%
First Best Picture Produced Wholly By Non-AmericansHamlet
8%
Latest Movie To Win In Every Nomination Except Best PictureBohemian Rhapsody
5%

Score Distribution

Percentile by Number Answered

Percent of People with Each Score

Your Score History

You have not taken this quiz since the last reset